Seminario: Intercambio de bienes culturales e imaginarios sociales

Guardat en:
Dades bibliogràfiques
Format: Llibre
Idioma:espanyol
Publicat: Santiago Ministerio de Educación 2002
Matèries:
Etiquetes: Afegir etiqueta
Sense etiquetes, Sigues el primer a etiquetar aquest registre!

MARC

LEADER 00000nam a2200000 a 4500
001 UCM6023
003 CL-VaPUC
008 021025e20020000CL |||||||||||||||||spa|d
082 0 4 |a 301  |b SEM  |2 21 
245 1 0 |a Seminario: Intercambio de bienes culturales e imaginarios sociales 
300 |a 100 p 
942 |c BK 
945 |d 20021025 00:00:00  |a cmena 
260 |a Santiago  |b Ministerio de Educación  |c 2002 
650 0 |a Antropología cultural y social   |9 265143 
650 0 |a Desarrollo social  |9 264534 
650 7 |a BIENES PATRIMONIALES  |2 CL-VaPUC  |9 472017 
650 0 |a Artesanía  |9 353181 
650 0 |a Desarrollo cultural  |9 267526 
650 0 |a Globalización  |9 361930 
650 7 |a CREENCIAS POPULARES  |2 CL-VaPUC  |9 323007 
583 |a last modification  |c 20021025 00:00:00  |k Rodrigo Vera 
999 |c 301689  |d 301687 
952 |0 0  |1 0  |4 0  |6 301_000000000000000_SEM_2002  |7 0  |8 A  |9 361175  |a BIBEDU  |b BIBEDU  |d 2019-11-21  |i 3853187  |o 301 SEM 2002  |p 3853187  |r 2019-11-21  |w 2019-11-21  |y BK  |k BME 
952 |0 0  |1 0  |4 0  |6 301_000000000000000_SEM_2002  |7 0  |8 A  |9 361176  |a BIBEDU  |b BIBEDU  |d 2019-11-21  |i 3856488  |o 301 SEM 2002  |p 3856488  |r 2019-11-21  |w 2019-11-21  |y BK  |k EDU